[Event "European Cities & Towns Chess Championship - Open/Seniors"]
[Site "Central Europe"]
[Date "2023.01.29"]
[Round "9.4.2"]
[White "Panagiotakos, Nikolaos"]
[Black "Halkias, Stelios"]
[Result "0-1"]
[WhiteElo "2122"]
[BlackElo "2516"]
[BlackCountry "GR"]
[BlackFideId "4201809"]
[BlackTeam "Kallithea - Athens"]
[BlackTitle "GM"]
[WhiteCountry "GR"]
[WhiteFideId "4213246"]
[WhiteTeam "Heraklion"]

1. e4 c5 2. Nf3 Nc6 3. Nc3 d6 4. d4 cxd4 5. Nxd4 e5 6. Nf3 h6 7. Be2 Nf6 
8. O-O Be7 9. Re1 Be6 10. Bf1 O-O 11. h3 Rc8 12. Nd5 Nb8 13. c4 Nbd7 14. 
Nd2 a5 15. b3 Nc5 16. Bb2 Nxd5 17. exd5 Bf5 18. a3 Qb6 19. Bc3 Bh4 20. Qf3
Bg6 21. b4 Na4 22. c5 Qd8 23. Nc4 e4 24. Qe3 Bg5 25. Qg3 Nxc3 26. Qxc3 Bf6
27. Qe3 Bxa1 28. Rxa1 dxc5 29. bxc5 Qxd5 30. Nb6 Qe5 31. Nxc8 Qxa1 32. 
Ne7+ Kh7 33. Nxg6 fxg6 34. Qxe4 Qxa3 35. Qxb7 Qxc5 36. Qb2 a4 37. Kh2 Rxf2
38. Qb1 Qe5+ 39. Kg1 Qd4 0-1

[Event "European Cities & Towns Chess Championship - Open/Seniors"]
[Site "Central Europe"]
[Date "2023.01.29"]
[Round "9.4.3"]
[White "Kalogeris, Ioannis"]
[Black "Klokas, Konstantinos"]
[Result "1-0"]
[WhiteElo "2409"]
[BlackElo "2069"]
[BlackCountry "GR"]
[BlackFideId "4206932"]
[BlackTeam "Heraklion"]
[WhiteCountry "GR"]
[WhiteFideId "4239563"]
[WhiteTeam "Kallithea - Athens"]
[WhiteTitle "FM"]

1. e4 c5 2. Nc3 Nc6 3. Nf3 Nf6 4. e5 Ng4 5. Qe2 Qc7 6. Nb5 Qb8 7. d4 cxd4 
8. Bf4 e6 9. h3 Nh6 10. O-O-O a6 11. Nd6+ Bxd6 12. exd6 Ng8 13. Nxd4 Nf6 
14. Bg3 Nxd4 15. Rxd4 Qa7 16. Qe5 O-O 17. Bd3 b5 18. Rh4 1-0

[Event "European Cities & Towns Chess Championship - Open/Seniors"]
[Site "Central Europe"]
[Date "2023.01.29"]
[Round "9.4.4"]
[White "Fragiadakis, Emanouel"]
[Black "Papasimakopoulos, Alexandros"]
[Result "0-1"]
[WhiteElo "1714"]
[BlackElo "2334"]
[BlackCountry "GR"]
[BlackFideId "4244125"]
[BlackTeam "Kallithea - Athens"]
[BlackTitle "FM"]
[WhiteCountry "GR"]
[WhiteFideId "4204026"]
[WhiteTeam "Heraklion"]

1. d4 e6 2. Bf4 c5 3. e3 Qb6 4. Nc3 cxd4 5. exd4 a6 6. Rb1 Nf6 7. Nf3 Bb4 
8. a3 Bxc3+ 9. bxc3 Qa5 10. Qd3 Qxa3 11. Be2 O-O 12. O-O b5 13. Ra1 Qe7 
14. Rfb1 Bb7 15. c4 Be4 16. Qd2 bxc4 17. Bxc4 Bxf3 18. gxf3 Rc8 19. Bd3 d5
20. Rb6 h6 21. Bd6 Qd8 22. Qb4 Nc6 23. Qc5 Nd7 24. Rxc6 Nxc5 25. Rxc8 Qxc8
26. dxc5 Qc6 27. Rb1 a5 28. Rb6 Qd7 29. Bb5 Qd8 30. Bc6 Qg5+ 31. Kf1 Rd8 
32. Rb7 Qc1+ 33. Kg2 Qxc2 34. Be7 Rc8 35. Bd7 Rxc5 36. Rb8+ Kh7 37. Bxc5 
Qxc5 38. Rb5 Qe7 39. Bc6 Qg5+ 40. Kf1 Qc1+ 41. Kg2 Qxc6 0-1

[Event "European Cities & Towns Chess Championship - Open/Seniors"]
[Site "Central Europe"]
[Date "2023.01.29"]
[Round "9.5.1"]
[White "Kabo, Melsed"]
[Black "Stoleriu, George"]
[Result "1/2-1/2"]
[WhiteElo "2195"]
[BlackElo "2389"]
[BlackCountry "RO"]
[BlackFideId "1227505"]
[BlackTeam "Iasi"]
[BlackTitle "FM"]
[WhiteCountry "AL"]
[WhiteFideId "4702271"]
[WhiteTeam "Butrinti"]

1. d4 e6 2. c3 f5 3. g3 Nf6 4. Bg2 g6 5. Nd2 Bg7 6. e4 fxe4 7. Nxe4 Nxe4 
8. Bxe4 O-O 9. Be3 Nc6 10. f4 Ne7 11. Nf3 Nf5 12. Bf2 Rb8 13. h4 Nd6 14. 
Bc2 b5 15. h5 Qf6 16. hxg6 hxg6 17. Ne5 Nf5 18. Qg4 d6 19. Nxg6 Re8 20. 
Qh5 Bb7 21. Rh2 b4 22. g4 Bf3 23. Qh7+ Kf7 24. Ne5+ dxe5 25. fxe5 Qg5 26. 
gxf5 exf5 27. Qxf5+ Qxf5 28. Bxf5 Bxe5 29. dxe5 Rxe5+ 30. Kd2 bxc3+ 31. 
Kxc3 Rxf5 32. Rh7+ Ke6 33. Re1+ Kd5 34. Rxc7 Rff8 35. Rc5+ Kd6 36. b4 Rbc8
37. Re3 Rxc5+ 38. bxc5+ Kd7 39. Rd3+ Kc7 40. Bg3+ Kc6 41. Bd6 Rf5 42. a4 
Bd5 43. Kd4 Rh5 44. Re3 Rh4+ 45. Kd3 Rxa4 46. Re7 Ra3+ 47. Kc2 a5 48. Ra7 
a4 49. Ra6+ Kb5 50. Rb6+ Kc4 51. c6 Be4+ 52. Kb2 Rb3+ 53. Rxb3 axb3 54. c7
Bb7 55. Be5 Bc8 56. Bf4 Bd7 57. Bg3 Bc8 58. Bf4 Bd7 59. Bg3 Bc8 60. Bf4 
1/2-1/2

[Event "European Cities & Towns Chess Championship - Open/Seniors"]
[Site "Central Europe"]
[Date "2023.01.29"]
[Round "9.5.2"]
[White "Gheorghiu, Calin"]
[Black "Kosta, Kelvin"]
[Result "1-0"]
[WhiteElo "2317"]
[BlackElo "1950"]
[BlackCountry "AL"]
[BlackFideId "4703855"]
[BlackTeam "Butrinti"]
[WhiteCountry "RO"]
[WhiteFideId "1200305"]
[WhiteTeam "Iasi"]
[WhiteTitle "FM"]

1. e4 c6 2. d4 d5 3. e5 c5 4. dxc5 e6 5. a3 Bxc5 6. b4 Bb6 7. Bb2 Ne7 8. 
Bd3 Qc7 9. Qe2 Nbc6 10. Nf3 a6 11. O-O Ng6 12. g3 Bd7 13. Nbd2 O-O 14. h4 
f5 15. h5 Nge7 16. c4 Ba7 17. Rac1 Qd8 18. Kg2 h6 19. cxd5 Nxd5 20. Nc4 
Bb8 21. Nd6 Bxd6 22. exd6 Qe8 23. Ne5 f4 24. Qe4 Nf6 25. Qxf4 Qxh5 26. Rh1
Qg5 27. Qxg5 hxg5 28. Ng6 Rfe8 29. f3 Kf7 30. Rh2 e5 31. Re1 e4 32. fxe4 
Kxg6 33. e5+ Kf7 34. Bc4+ Be6 35. Bd3 Bd5+ 36. Kg1 Kg8 37. Bg6 Bf7 38. 
Bxf7+ Kxf7 39. Rf2 Kg8 40. e6 Rad8 41. Rd2 Re7 42. Bxf6 Rxd6 43. Rxd6 gxf6
44. Rd7 Kf8 45. Red1 Rxe6 46. Rxb7 Ne5 47. Rd8+ Re8 48. Rxe8+ Kxe8 49. Rb6
f5 50. Rxa6 1-0

[Event "European Cities & Towns Chess Championship - Open/Seniors"]
[Site "Central Europe"]
[Date "2023.01.29"]
[Round "9.5.3"]
[White "Mihasi, Erald"]
[Black "Calin, Alexandru"]
[Result "0-1"]
[WhiteElo "1909"]
[BlackElo "2169"]
[BlackCountry "RO"]
[BlackFideId "1222961"]
[BlackTeam "Iasi"]
[BlackTitle "FM"]
[WhiteCountry "AL"]
[WhiteFideId "4700902"]
[WhiteTeam "Butrinti"]

1. d4 d5 2. Bf4 e6 3. e3 c5 4. Nc3 Nf6 5. Nf3 Bd6 6. Bg5 O-O 7. Be2 Nc6 8.
 O-O h6 9. Bh4 Be7 10. Nb1 a6 11. c3 b5 12. Bd3 c4 13. Bc2 Ne4 14. Bg3 f5 
15. Nbd2 Bd7 16. Ne5 Be8 17. Ndf3 a5 18. a3 b4 19. axb4 axb4 20. Nxc6 Bxc6
21. Bxe4 fxe4 22. Ne5 Be8 23. Qg4 Rf5 24. Rxa8 Qxa8 25. Bh4 Bh5 26. Qh3 
Bf8 27. g4 Rxe5 28. dxe5 Bg6 29. g5 Bf5 30. Qg2 h5 31. g6 Qe8 32. Ra1 bxc3
33. bxc3 Bxg6 34. Ra7 Bf5 35. Qg5 Qb8 36. Ra1 Qb2 37. Ra8 Qc1+ 38. Kg2 Bg4
39. Qe7 Bf3+ 40. Kg3 Qg1+ 41. Kf4 Qg4# 0-1

[Event "European Cities & Towns Chess Championship - Open/Seniors"]
[Site "Central Europe"]
[Date "2023.01.29"]
[Round "9.5.4"]
[White "Zubcu, Vlad-George"]
[Black "Omeri, Eklea"]
[Result "1-0"]
[WhiteElo "2156"]
[BlackElo "1629"]
[BlackCountry "AL"]
[BlackFideId "4703804"]
[BlackTeam "Butrinti"]
[WhiteCountry "RO"]
[WhiteFideId "1219715"]
[WhiteTeam "Iasi"]

1. d4 d5 2. Nc3 Nf6 3. Bg5 c6 4. Bxf6 gxf6 5. e4 dxe4 6. Nxe4 Bf5 7. Ng3 
Bg6 8. h4 h5 9. Be2 e5 10. Nxh5 Bxh5 11. Bxh5 Qxd4 12. Qxd4 exd4 13. Bg4 
Bb4+ 14. Kf1 O-O 15. Ne2 c5 16. Ng3 Nc6 17. f4 Rae8 18. Nh5 Re3 19. Nxf6+ 
Kg7 20. Nd5 Re4 21. Bf3 Re6 22. g4 Rfe8 23. Kf2 Ba5 24. f5 Re5 25. Nf4 Bd2
26. Nh5+ Kh8 27. Nf6 R8e7 28. Rad1 Be3+ 29. Kg2 Nb4 30. c3 Nc2 31. Kg3 Bh6
32. g5 Bg7 33. Nd5 Re8 34. f6 Bf8 35. cxd4 Nxd4 36. Kg2 Bd6 37. Nc3 b5 38.
 a3 Nf5 39. Kf2 Kg8 40. Nxb5 Bb8 41. Rd5 Rxd5 42. Bxd5 Bg3+ 43. Kf3 Re3+ 
44. Kg4 Nxh4 45. Rxh4 Bxh4 46. Kxh4 Re2 47. g6 Kf8 48. Bxf7 c4 49. Nd6 c3 
50. g7# 1-0

[Event "European Cities & Towns Chess Championship - Open/Seniors"]
[Site "Central Europe"]
[Date "2023.01.29"]
[Round "9.6.1"]
[White "Massoni, Michael"]
[Black "Manolache, Marius"]
[Result "0-1"]
[WhiteElo "2322"]
[BlackElo "2454"]
[BlackCountry "RO"]
[BlackFideId "1201530"]
[BlackTeam "CSM Galati"]
[BlackTitle "GM"]
[WhiteCountry "FR"]
[WhiteFideId "654213"]
[WhiteTeam "Corsica "]
[WhiteTitle "IM"]

1. e4 c5 2. Nf3 e6 3. d4 cxd4 4. Nxd4 Nc6 5. Nc3 Qc7 6. Be2 a6 7. O-O Nf6 
8. Be3 b5 9. f4 b4 10. Na4 Bb7 11. Bf3 Rb8 12. c4 d6 13. Rc1 Be7 14. c5 d5
15. exd5 exd5 16. Kh1 O-O 17. Nf5 Rfe8 18. Nb6 Rbd8 19. Qd3 Bf8 20. Bd4 
Nxd4 21. Qxd4 a5 22. a3 bxa3 23. bxa3 Bc6 24. Qd2 d4 25. Qxa5 Bxf3 26. 
Rxf3 d3 27. Rff1 d2 28. Rcd1 Ne4 29. Ng3 Nxg3+ 30. hxg3 Bxc5 31. Nc4 Qc6 
32. Rxd2 Qh6# 0-1

[Event "European Cities & Towns Chess Championship - Open/Seniors"]
[Site "Central Europe"]
[Date "2023.01.29"]
[Round "9.6.2"]
[White "Barbu, Simon-Alexandru"]
[Black "Pieri, Pierre-Louis"]
[Result "0-1"]
[WhiteElo "2023"]
[BlackElo "2138"]
[BlackCountry "FR"]
[BlackFideId "20622627"]
[BlackTeam "Corsica "]
[WhiteCountry "RO"]
[WhiteFideId "1257170"]
[WhiteTeam "CSM Galati"]

1. e4 c5 2. Nc3 Nc6 3. Bb5 Nd4 4. Nf3 e6 5. Nxd4 cxd4 6. Ne2 Qg5 7. Bd3 
Qxg2 8. Ng3 Qh3 9. b3 Bd6 10. Qf3 Nf6 11. Bb2 Be5 12. O-O-O h5 13. Qe2 h4 
14. Nf5 exf5 15. exf5 d6 16. f4 Qg4 17. Rde1 Qxf4 18. Rhf1 Qg4 19. Bb5+ 
Kf8 20. Qf2 Bd7 21. Be2 Qh3 22. Bxd4 Qxh2 23. Bxe5 Qxe5 24. Kb1 Ne4 25. 
Qe3 Ng3 26. Rf3 Qxe3 27. dxe3 Bxf5 28. Bc4 f6 29. e4 Bxe4 30. Rf4 d5 31. 
Bb5 Rc8 32. Rf2 h3 33. Kb2 h2 0-1

[Event "European Cities & Towns Chess Championship - Open/Seniors"]
[Site "Central Europe"]
[Date "2023.01.29"]
[Round "9.6.3"]
[White "Utrera, Ludovic"]
[Black "Tudoroiu, Razvan-Catalin"]
[Result "1/2-1/2"]
[WhiteElo "2045"]
[BlackElo "1923"]
[BlackCountry "RO"]
[BlackFideId "1281100"]
[BlackTeam "CSM Galati"]
[WhiteCountry "FR"]
[WhiteFideId "20604580"]
[WhiteTeam "Corsica "]

1. e4 c5 2. Nc3 d6 3. d4 cxd4 4. Qxd4 Nc6 5. Qd2 g6 6. b3 Bh6 7. f4 e5 8. 
Nb5 Bxf4 9. Qxd6 Qxd6 10. Nxd6+ Kf8 11. Bxf4 exf4 12. O-O-O Nf6 13. Nf3 
Ng4 14. Nxc8 Rxc8 15. Rd7 Ne3 16. Rxb7 Nxc2 17. Bc4 Ne3 18. Rxf7+ Ke8 19. 
Rxf4 Na5 20. Ne5 Naxc4 21. bxc4 Nxc4 22. Nxc4 Rxc4+ 23. Kd2 Ke7 24. Rhf1 
Rd8+ 25. Ke3 Rc3+ 26. Kf2 Rd2+ 27. Kg1 Rcc2 28. R4f2 Rxa2 29. Rxd2 Rxd2 
30. Ra1 Rd7 31. Kf2 Ke6 32. Ke3 Rb7 33. Ra3 Rf7 34. Ra5 Rb7 35. Kf4 h6 36.
 Ra6+ Kf7 37. Ke5 Re7+ 38. Kd5 Rd7+ 39. Kc6 Re7 40. Kd5 Rd7+ 41. Ke5 Re7+ 
42. Kf4 Rb7 43. h4 Rc7 44. g4 Rb7 45. g5 hxg5+ 46. Kxg5 Rb5+ 47. Kf4 Rb7 
48. e5 Re7 49. Ke4 Rb7 50. Kd5 Rd7+ 51. Ke4 Rb7 52. Rf6+ Kg7 53. Ra6 Kf7 
1/2-1/2

[Event "European Cities & Towns Chess Championship - Open/Seniors"]
[Site "Central Europe"]
[Date "2023.01.29"]
[Round "9.6.4"]
[White "Jugaru, Lucian"]
[Black "Geronimi, Pierre-Francois"]
[Result "0-1"]
[WhiteElo "1839"]
[BlackElo "2027"]
[BlackCountry "FR"]
[BlackFideId "655686"]
[BlackTeam "Corsica "]
[Termination "time forfeit"]
[WhiteCountry "RO"]
[WhiteFideId "1220497"]
[WhiteTeam "CSM Galati"]

1. e4 g6 2. d4 Bg7 3. Nc3 d6 4. Bf4 a6 5. Qd2 b6 6. f3 Bb7 7. h4 Nd7 8. h5
c5 9. Nge2 Rc8 10. hxg6 hxg6 11. Rxh8 Bxh8 12. O-O-O Qc7 13. g3 cxd4 14. 
Nxd4 Bxd4 15. Qxd4 e5 16. Qxd6 Qxd6 17. Rxd6 exf4 18. gxf4 Ke7 19. Rd2 
Ngf6 20. Bh3 Rd8 21. Na4 Bc6 22. e5 Bxa4 23. exf6+ Nxf6 24. Re2+ Kf8 25. 
b3 Bc6 26. Rf2 Rd4 27. f5 g5 28. Bf1 Rf4 29. Bxa6 g4 30. Rd2 gxf3 31. Rd6 
Be8 32. Rxf6 b5 33. Bb7 f2 34. Bg2 Rg4 35. Bh3 Rh4 36. Kd2 Rxh3 37. Ke2 
Rc3 38. Kxf2 Rxc2+ 39. Ke3 Rxa2 40. Kd4 Rc2 41. Rb6 Kg7 42. Rb8 Bd7 43. 
Kd3 Bxf5+ 44. Kd4 Be6 45. Rxb5 Rb2 46. b4 Bd7 0-1

[Event "European Cities & Towns Chess Championship - Open/Seniors"]
[Site "Central Europe"]
[Date "2023.01.29"]
[Round "9.7.1"]
[White "Xhembulla, Aleksander"]
[Black "Melikhov, Evgeny V."]
[Result "0-1"]
[WhiteElo "2091"]
[BlackElo "2269"]
[BlackCountry "RU"]
[BlackFideId "4122046"]
[BlackTeam "Ioannina"]
[BlackTitle "FM"]
[WhiteCountry "AL"]
[WhiteFideId "4705114"]
[WhiteTeam "TIRANA City"]

1. e4 c5 2. Nf3 d6 3. d4 cxd4 4. Nxd4 Nf6 5. Nc3 a6 6. Rg1 e6 7. g4 b5 8. 
g5 Nfd7 9. Be3 Bb7 10. Bg2 Nc6 11. Nxc6 Bxc6 12. Qd2 Rc8 13. O-O-O Ne5 14.
 Kb1 Nc4 15. Qe2 Nxe3 16. Qxe3 Be7 17. f4 O-O 18. h4 b4 19. Ne2 Qc7 20. 
Nd4 Ba4 21. Rd2 e5 22. Nf5 exf4 23. Qxf4 Bxc2+ 24. Ka1 b3 25. h5 d5 26. 
Qxc7 Rxc7 27. Nxe7+ Rxe7 28. exd5 Rfe8 29. axb3 Bxb3 30. Rgd1 Bxd1 31. 
Rxd1 Re1 32. Rxe1 Rxe1+ 33. Ka2 Kf8 34. Kb3 Ke7 35. Kc4 Kd6 36. Bf3 Re5 
37. g6 fxg6 38. hxg6 hxg6 39. Kd4 g5 40. Be4 Rxe4+ 41. Kxe4 g4 42. Kf4 
Kxd5 43. Kxg4 Kc4 0-1

[Event "European Cities & Towns Chess Championship - Open/Seniors"]
[Site "Central Europe"]
[Date "2023.01.29"]
[Round "9.7.2"]
[White "Tepelenis, Nikolaos"]
[Black "Zeneli, Klendi"]
[Result "0-1"]
[WhiteElo "2096"]
[BlackElo "2052"]
[BlackCountry "AL"]
[BlackFideId "4706609"]
[BlackTeam "TIRANA City"]
[WhiteCountry "GR"]
[WhiteFideId "4207599"]
[WhiteTeam "Ioannina"]

1. d4 d5 2. Bf4 c5 3. e3 Nc6 4. c3 Qb6 5. Qb3 c4 6. Qxb6 axb6 7. Nf3 b5 8.
 Be2 Bf5 9. O-O h6 10. a3 Nf6 11. h3 e6 12. Nbd2 Be7 13. Ne5 O-O 14. Rfe1 
Nxe5 15. Bxe5 Nd7 16. Bg3 Nb6 17. f3 Na4 18. e4 Bg6 19. Rab1 Rfe8 20. Bd1 
Bf8 21. Bxa4 bxa4 22. Re2 Ra5 23. Rbe1 Rb5 24. exd5 Bd3 25. Re3 Rxb2 26. 
dxe6 Rxe6 27. Rxe6 fxe6 28. Ne4 Bxa3 29. Nc5 Bxc5 30. dxc5 a3 31. Rxe6 a2 
0-1

[Event "European Cities & Towns Chess Championship - Open/Seniors"]
[Site "Central Europe"]
[Date "2023.01.29"]
[Round "9.7.3"]
[White "Shuqja, Klean"]
[Black "Basios, Athanasios"]
[Result "0-1"]
[WhiteElo "1884"]
[BlackElo "1860"]
[BlackCountry "GR"]
[BlackFideId "4215494"]
[BlackTeam "Ioannina"]
[Termination "time forfeit"]
[WhiteCountry "AL"]
[WhiteFideId "4701585"]
[WhiteTeam "TIRANA City"]
[WhiteTitle "WFM"]

1. e4 e5 2. Nf3 Nc6 3. Bb5 g6 4. O-O Bg7 5. c3 Nge7 6. d4 exd4 7. cxd4 d5 
8. e5 O-O 9. Bg5 h6 10. Be3 Bg4 11. Nbd2 Nf5 12. Bxc6 bxc6 13. Rc1 Rb8 14.
 Qc2 c5 15. Qxc5 Rxb2 16. Qxa7 Qa8 17. Rxc7 Qxa7 18. Rxa7 Rc8 19. Bf4 g5 
20. Bg3 Rcc2 21. a4 Rxd2 22. Nxd2 Rxd2 23. Ra8+ Kh7 24. Ra7 Kg6 25. h3 Be2
26. Ra1 Nxg3 27. fxg3 Rxd4 28. Re1 Rd2 29. Re7 Bf8 30. Rc7 Bc4 31. e6 fxe6
32. Rxe6+ Kf5 33. Re1 Bd6 34. Rf7+ Kg6 35. Rf3 Bc5+ 36. Kh2 d4 37. Rc1 Bd5
38. Rxc5 Bxf3 39. a5 Bxg2 40. Kg1 Bf3 0-1

[Event "European Cities & Towns Chess Championship - Open/Seniors"]
[Site "Central Europe"]
[Date "2023.01.29"]
[Round "9.8.1"]
[White "Guerrero Vargas, Andres Jesus"]
[Black "Ribbegren, Karl Johan"]
[Result "1-0"]
[WhiteElo "2336"]
[BlackElo "2158"]
[BlackCountry "MC"]
[BlackFideId "5400040"]
[BlackTeam "Monte-Carlo"]
[WhiteCountry "VE"]
[WhiteFideId "3902048"]
[WhiteTeam "Collado Villalba - Madrid"]
[WhiteTitle "FM"]

1. d4 Nf6 2. Bf4 c5 3. e3 Qb6 4. Na3 d5 5. Nb5 Na6 6. c3 Bd7 7. a4 e6 8. 
Nf3 Be7 9. Ne5 O-O 10. Bd3 c4 11. Bb1 Bxb5 12. axb5 Qxb5 13. Qc2 g6 14. h4
Nh5 15. Bh6 Rfd8 16. g4 Ng7 17. h5 Qe8 18. f4 Bf6 19. Qh2 Bxe5 20. dxe5 
Rd7 21. Qh4 Qe7 22. Bg5 Qc5 23. f5 exf5 24. hxg6 fxg6 25. Qxh7+ Kf7 26. 
gxf5 gxf5 27. Bxf5 Qc6 28. e6+ 1-0

[Event "European Cities & Towns Chess Championship - Open/Seniors"]
[Site "Central Europe"]
[Date "2023.01.29"]
[Round "9.8.2"]
[White "Nelis, Jean-Francois"]
[Black "Sanchez Gonzalez, Sergio"]
[Result "1/2-1/2"]
[WhiteElo "2112"]
[BlackElo "2288"]
[BlackCountry "ES"]
[BlackFideId "2273020"]
[BlackTeam "Collado Villalba - Madrid"]
[BlackTitle "FM"]
[WhiteCountry "MC"]
[WhiteFideId "623830"]
[WhiteTeam "Monte-Carlo"]

1. b3 e5 2. Bb2 Nc6 3. c4 Nf6 4. e3 d5 5. cxd5 Nxd5 6. a3 Be7 7. Qc2 O-O 
8. Nf3 Bf6 9. d3 a5 10. Nbd2 g6 11. Be2 Bg7 12. O-O Re8 13. Rac1 h6 14. 
Rfd1 Be6 15. Qb1 f5 16. Qa1 Bf7 17. Rxc6 bxc6 18. Bxe5 Bxe5 19. Nxe5 Qf6 
20. d4 Kg7 21. Rc1 Re6 22. Rc5 a4 23. b4 Rae8 24. Qc1 Rxe5 25. dxe5 Qxe5 
26. Nf3 Qe7 27. Bf1 Kh7 28. g3 Qe4 29. Bg2 Qd3 30. Rxc6 Re7 31. h4 f4 32. 
exf4 Re2 33. Ne5 Qd4 34. Qc5 Qd1+ 35. Kh2 Ne3 36. Qc1 Nf1+ 37. Bxf1 Rxf2+ 
38. Bg2 Qe2 39. Qg1 Bd5 40. Rxc7+ Kg8 41. Rc8+ Kh7 42. Rc7+ Kg8 43. Rc8+ 
Kh7 44. Rc7+ 1/2-1/2

[Event "European Cities & Towns Chess Championship - Open/Seniors"]
[Site "Central Europe"]
[Date "2023.01.29"]
[Round "9.8.3"]
[White "Perdomo Araujo, Angel Eduardo"]
[Black "Van Hoolandt, Patrick"]
[Result "1-0"]
[WhiteElo "2071"]
[BlackElo "2017"]
[BlackCountry "MC"]
[BlackFideId "200999"]
[BlackTeam "Monte-Carlo"]
[BlackTitle "FM"]
[WhiteCountry "VE"]
[WhiteFideId "3902528"]
[WhiteTeam "Collado Villalba - Madrid"]

1. e4 e5 2. Nf3 Nc6 3. Nc3 Nf6 4. Be2 Bc5 5. Nxe5 Nxe5 6. d4 Bb4 7. dxe5 
Bxc3+ 8. bxc3 Nxe4 9. Qd4 Ng5 10. f4 Ne6 11. Qf2 f5 12. exf6 Qxf6 13. f5 
Qxc3+ 14. Kd1 Qxa1 15. fxe6 dxe6 16. Qc5 Bd7 17. Rf1 O-O-O 18. Bd3 e5 19. 
Qxa7 Bg4+ 20. Kd2 Qd4 21. Qa8+ Kd7 22. Qxb7 Rhf8 23. c3 Rxf1 24. cxd4 exd4
25. Bxf1 1-0

[Event "European Cities & Towns Chess Championship - Open/Seniors"]
[Site "Central Europe"]
[Date "2023.01.29"]
[Round "9.8.4"]
[White "Verdier, Patrice"]
[Black "Alvarez Guerrero, Dylan"]
[Result "1-0"]
[WhiteElo "1996"]
[BlackElo "1162"]
[BlackCountry "ES"]
[BlackFideId "94728089"]
[BlackTeam "Collado Villalba - Madrid"]
[WhiteCountry "MC"]
[WhiteFideId "606340"]
[WhiteTeam "Monte-Carlo"]
[WhiteTitle "FM"]

1. d4 d5 2. c4 Nf6 3. cxd5 Qxd5 4. Nc3 Qd8 5. e4 g6 6. Bc4 Bg7 7. e5 Nfd7 
8. Nf3 h6 9. e6 fxe6 10. Bxe6 Nf6 11. Bb3 Bf5 12. Nh4 Nc6 13. Nxf5 gxf5 
14. Be3 Qd7 15. O-O O-O-O 16. d5 Ne5 17. Bxa7 b6 18. Ba4 Qd6 19. Rc1 Nfg4 
20. f4 Qc5+ 21. Kh1 Nf2+ 22. Rxf2 Qxf2 23. Nb5 Rd7 24. fxe5 Bxe5 25. d6 
Bxd6 26. Qd5 c6 27. Qxc6+ Bc7 28. Qa8# 1-0

[Event "European Cities & Towns Chess Championship - Open/Seniors"]
[Site "Central Europe"]
[Date "2023.01.29"]
[Round "9.9.1"]
[White "Mavroudis, Dimitris"]
[Black "Freeland, Alex"]
[Result "0-1"]
[WhiteElo "1973"]
[BlackElo "2016"]
[BlackCountry "GB"]
[BlackFideId "1802062"]
[BlackTeam "Hammersmith - West London"]
[WhiteCountry "GR"]
[WhiteFideId "4222318"]
[WhiteTeam "Trikala "]

1. d4 Nf6 2. c4 e6 3. Nc3 Bb4 4. Qc2 c5 5. dxc5 O-O 6. a3 Bxc5 7. Bf4 d5 
8. e3 Nc6 9. Nf3 b6 10. Rd1 Bb7 11. cxd5 exd5 12. b4 Be7 13. Bd3 Rc8 14. 
Qb2 Nh5 15. Nxd5 Nxf4 16. Nxf4 Bf6 17. Qb1 Bc3+ 18. Ke2 Qe8 19. Bxh7+ Kh8 
20. Bf5 Rd8 21. Rxd8 Qxd8 22. Rd1 Qb8 23. Qd3 Bf6 24. Qd6 Ba6+ 25. Bd3 
Qxd6 26. Bxa6 Qe7 27. Nd5 Qe6 28. Nxf6 Qxf6 29. Rd2 Ne5 30. Nd4 Ng4 31. f3
Nh6 32. g4 Qh4 33. Kf1 Qh3+ 34. Kg1 Nxg4 35. fxg4 Qxe3+ 36. Rf2 Qxd4 37. 
h3 Re8 38. Kg2 Qd5+ 39. Kh2 b5 40. a4 bxa4 41. Be2 a3 42. Bf3 Qe5+ 43. Kg2
Rb8 44. Re2 Qxe2+ 0-1

[Event "European Cities & Towns Chess Championship - Open/Seniors"]
[Site "Central Europe"]
[Date "2023.01.29"]
[Round "9.9.2"]
[White "Brixel, Christof, Dr."]
[Black "Gountras, Klearhos"]
[Result "0-1"]
[WhiteElo "1952"]
[BlackElo "1968"]
[BlackCountry "GR"]
[BlackFideId "4206495"]
[BlackTeam "Trikala "]
[WhiteCountry "DE"]
[WhiteFideId "16277040"]
[WhiteTeam "Hammersmith - West London"]

1. d4 d6 2. Nc3 Nf6 3. e4 e5 4. Nf3 exd4 5. Nxd4 Be7 6. Bc4 O-O 7. O-O c6 
8. Bb3 b5 9. a3 a6 10. Nf5 Bxf5 11. exf5 Nbd7 12. Bf4 Nc5 13. Ba2 h6 14. 
Qf3 d5 15. Ne2 Re8 16. Rad1 Qc8 17. Nd4 Nce4 18. g4 c5 19. Ne2 c4 20. h4 
Qc6 21. Nd4 Qb6 22. g5 hxg5 23. hxg5 Nh7 24. f6 Nexg5 25. Bxg5 Nxg5 26. 
Qxd5 Bxf6 27. c3 Rad8 28. Qg2 Bxd4 29. Rxd4 Rxd4 30. cxd4 Qh6 31. Bb1 Nh3+
0-1

[Event "European Cities & Towns Chess Championship - Open/Seniors"]
[Site "Central Europe"]
[Date "2023.01.29"]
[Round "9.9.3"]
[White "Lioumis, Petros"]
[Black "Kelmendi, Bajrush"]
[Result "0-1"]
[WhiteElo "1290"]
[BlackElo "1942"]
[BlackCountry "GB"]
[BlackFideId "426024"]
[BlackTeam "Hammersmith - West London"]
[WhiteCountry "GR"]
[WhiteFideId "25806238"]
[WhiteTeam "Trikala "]

1. e4 g6 2. d4 Bg7 3. c3 b6 4. Bc4 Bb7 5. Nd2 e6 6. Ngf3 Ne7 7. O-O d5 8. 
Bd3 O-O 9. e5 c5 10. Re1 c4 11. Bc2 b5 12. a4 a6 13. h3 Nbc6 14. Nh2 b4 
15. f4 Qa5 16. Qf3 b3 17. Bb1 Qb6 18. Ng4 Qd8 19. Qg3 Nf5 20. Bxf5 exf5 
21. Ne3 Re8 22. Nf3 Qd7 23. h4 Nd8 24. h5 Ne6 25. Kf2 a5 26. Rh1 Bc6 27. 
hxg6 fxg6 28. Bd2 Bxa4 29. Rh2 Nf8 30. Rah1 Ra6 31. Ng5 h5 32. Nf3 Bc6 33.
 e6 Rxe6 34. Ne5 Qe8 35. Nf3 a4 36. Nh4 a3 37. bxa3 Rxa3 38. Bc1 Ra2+ 39. 
Ke1 Ra1 40. Kf2 Ra2+ 41. Kf3 b2 42. Nhxf5 gxf5 43. Nxf5 Rg6 44. Qh4 Qe4+ 
45. Kf2 bxc1=Q# 0-1

[Event "European Cities & Towns Chess Championship - Open/Seniors"]
[Site "Central Europe"]
[Date "2023.01.29"]
[Round "9.9.4"]
[White "Perchard, Matthew"]
[Black "Karanasios, Dimosthenis"]
[Result "0-1"]
[WhiteElo "1506"]
[BlackElo "1240"]
[BlackCountry "GR"]
[BlackFideId "42108306"]
[BlackTeam "Trikala "]
[WhiteCountry "GB"]
[WhiteFideId "343404235"]
[WhiteTeam "Hammersmith - West London"]

1. e4 c6 2. Nf3 d5 3. Nc3 Bg4 4. exd5 cxd5 5. d4 Nc6 6. Be2 Nf6 7. O-O e6 
8. Re1 Be7 9. Ne5 Bxe2 10. Rxe2 Qb6 11. Be3 Qxb2 12. Rb1 Qxc3 13. Rxb7 
Nxe5 14. dxe5 Nd7 15. Qb1 d4 16. Bd2 Qc6 17. Qb3 Nb6 18. Rxe7+ Kxe7 19. 
Bb4+ Kd7 20. Rd2 Qd5 21. Qg3 Qe4 22. f3 Qe3+ 23. Kf1 Nc4 24. Rd3 Qc1+ 25. 
Be1 Ne3+ 26. Kg1 Nxc2 27. Kf1 Qxe1+ 28. Qxe1 Nxe1 29. Kxe1 Rhd8 30. Rxd4+ 
Ke7 31. Rg4 g6 32. Rc4 Rdc8 33. Rh4 Rc2 34. Rd4 Rb8 35. Rd1 Rxg2 36. Kf1 
Rxh2 37. Rc1 Rh1+ 38. Kg2 Rxc1 39. Kh3 Rc3 40. Kg4 h5+ 41. Kf4 Rb4+ 42. 
Kg5 f6+ 43. exf6+ Kf7 44. a4 Rc5+ 45. Kh6 Kxf6 46. f4 Rc8 47. a5 Rh8# 0-1